LEADER 02591nam 2200541 a 450 001 9910455744303321 005 20200520144314.0 010 $a0-8132-1616-8 035 $a(CKB)2440000000013983 035 $a(EBL)3134702 035 $a(SSID)ssj0000378110 035 $a(PQKBManifestationID)11293960 035 $a(PQKBTitleCode)TC0000378110 035 $a(PQKBWorkID)10351187 035 $a(PQKB)10947115 035 $a(MiAaPQ)EBC3134702 035 $a(OCoLC)646786250 035 $a(MdBmJHUP)muse24163 035 $a(Au-PeEL)EBL3134702 035 $a(CaPaEBR)ebr10267227 035 $a(OCoLC)922996355 035 $a(EXLCZ)992440000000013983 100 $a20040625d2005 uy 0 101 0 $aeng 135 $aur|n|---||||| 181 $ctxt 182 $cc 183 $acr 200 14$aThe story of Wamba$b[electronic resource] $eJulian of Toledo's Historia Wambae regis /$ftranslated with an introduction and notes by Joaqui?n Marti?nez Pizarro 210 $aWashington, D.C. $cCatholic University of America Press$dc2005 215 $a1 online resource (280 p.) 300 $aDescription based upon print version of record. 311 $a0-8132-1412-2 320 $aIncludes bibliographic references (p. 241-256) and index. 327 $a""Contents""; ""List of Illustrations""; ""Acknowledgments""; ""Abbreviations""; ""Part I. Introductory Essay""; ""Introduction to the Historia Wambae regis""; ""History""; ""1. Chindasvinda???Reccesvinda???Wamba""; ""2. From Toledo to NA?®mes and Back""; ""3. Julian and Wamba: Two Careers""; ""Literature""; ""1. Authorship""; ""2. The Four-Text Sequence""; ""3. Sources and Models""; ""4. Words and Images""; ""5. The Historia""; ""6. The Insultatio""; ""7. Iudicium: The Scene of Justice""; ""8. Conclusion (largely conjectural): Julian at Work"" 327 $a""Part II. Translation of Julian of Toledoa???s Historia Wambae regis""""The Letter of Paul the Traitor""; ""The Book of the History of Gallia""; ""The Humble Historiana???s Invective Against the Usurpation of Gallia""; ""Judgment Pronounced Against the Treachery of Usurpers""; ""Works Cited""; ""Index"" 607 $aSpain$xHistory$yGothic period, 414-711 608 $aElectronic books. 676 $a946/.01 700 $aJulianus$cSaint, Bishop of Toledo,$fd. 690.$0187473 701 $aMarti?nez Pizarro$b Joaqui?n$f1946-$01029507 801 0$bMiAaPQ 801 1$bMiAaPQ 801 2$bMiAaPQ 906 $aBOOK 912 $a9910455744303321 996 $aThe story of Wamba$92445977 997 $aUNINA LEADER 05316nam 22006614a 450 001 9910143395303321 005 20170815115403.0 010 $a1-280-23900-X 010 $a9786610239009 010 $a0-470-36232-4 010 $a0-471-73864-6 010 $a0-471-73863-8 035 $a(CKB)1000000000355128 035 $a(EBL)240701 035 $a(OCoLC)78051910 035 $a(SSID)ssj0000272616 035 $a(PQKBManifestationID)11230157 035 $a(PQKBTitleCode)TC0000272616 035 $a(PQKBWorkID)10304992 035 $a(PQKB)11115273 035 $a(MiAaPQ)EBC240701 035 $a(PPN)177279664 035 $a(EXLCZ)991000000000355128 100 $a20050207d2005 uy 0 101 0 $aeng 135 $aur|n|---||||| 181 $ctxt 182 $cc 183 $acr 200 10$aWireless information networks$b[electronic resource] /$fKaveh Pahlavan, Allen H. Levesque 205 $a2nd ed. 210 $aHoboken, NJ $cJohn Wiley$d2005 215 $a1 online resource (742 p.) 225 1 $aWiley series in telecommunications and signal processing 300 $a"Wiley-Interscience." 311 $a0-471-72542-0 320 $aIncludes bibliographical references and index. 327 $aWIRELESS INFORMATION NETWORKS; CONTENTS; Preface; PART I INTRODUCTION TO WIRELESS NETWORKS; 1 Overview of Wireless Networks; 1.1 Introduction; 1.2 Network Architecture and Design Issues; 1.3 Key Trends in Wireless Networking; 1.4 Outline of the Book; Questions; 2 Evolution of the Wireless Industry; 2.1 Introduction; 2.2 Three Views of the Wireless Industry; 2.3 Three Generations of Cellular Networks; 2.4 Trends in Wireless Technologies; Questions; PART II CHARACTERISTICS OF RADIO PROPAGATION; 3 Characterization of Radio Propagation; 3.1 Introduction 327 $a3.2 Multipath Fading and the Distance-Power Relationship3.3 Local Movements and Doppler Shift; 3.4 Multipath for Wideband Signals; 3.5 Classical Uncorrelated Scattering Model; 3.6 Indoor and Urban Radio Propagation Modeling; Questions; Problems; Projects; 4 Modeling and Simulation of Narrowband Signal Characteristics; 4.1 Introduction; 4.2 Modeling Path Loss and Slow Shadow Fading; 4.3 Doppler Spectrum of Fast Envelope Fading; 4.4 Statistical Behavior of Fast Envelope Fading; 4.5 Simulation of Fast Envelope Fading; Questions; Problems; Projects 327 $a5 Measurement of Wideband and UWB Channel Characteristics5.1 Introduction; 5.2 Time-Domain Measurement Techniques; 5.3 Frequency-Domain Measurement Techniques; 5.4 Advances in Frequency-Domain Channel Measurement; Questions; Problems; Project; 6 Modeling of Wideband Radio Channel Characteristics; 6.1 Introduction; 6.2 Wideband Time-Domain Statistical Modeling; 6.3 Wideband Frequency-Domain Channel Modeling; 6.4 Comparison Between Statistical Models; 6.5 Ray-Tracing Algorithms; 6.6 Direct Solution of Radio Propagation Equations; 6.7 Comparison of Deterministic and Statistical Modeling 327 $a6.8 Site-Specific Statistical ModelAppendix 6A: GSM-Recommended Multipath Propagation Models; Appendix 6B: Wideband Multipath Propagation Models; Questions; Problems; Projects; PART III MODEM DESIGN; 7 Narrowband Modem Technology; 7.1 Introduction; 7.2 Basic Modulation Techniques; 7.3 Theoretical Limits and Practical Impairments; 7.4 Traditional Modems for Wide-Area Wireless Networks; 7.5 Other Aspects of Modem Implementation; Questions; Problems; Projects; 8 Fading, Diversity, and Coding; 8.1 Introduction; 8.2 Radio Communication on Flat Rayleigh Fading Channels; 8.3 Diversity Combining 327 $a8.4 Error-Control Coding for Wireless Channels8.5 Space-Time Coding; 8.6 MIMO and STC; Questions; Problems; Projects; 9 Broadband Modem Technologies; 9.1 Introduction; 9.2 Effects of Frequency-Selective Multipath Fading; 9.3 Discrete Multipath Fading Channel Model; 9.4 Adaptive Discrete Matched Filter; 9.5 Adaptive Equalization; 9.6 Sectored Antennas; 9.7 Multicarrier, OFDM, and Frequency Diversity; 9.8 Comparison of Traditional Broadband Modems; 9.9 MIMO in Frequency-Selective Fading; Appendix 9A: Analysis of the Equalizers; Questions; Problems; Projects 327 $a10 Spread-Spectrum and CDMA Technology 330 $aTowards location aware mobile ad hoc sensorsA Systems Engineering Approach to Wireless Information NetworksThe Second Edition of this internationally respected textbook brings readers fully up to date with the myriad of developments in wireless communications. When first published in 1995, wireless communications was synonymous with cellular telephones. Now wireless information networks are the most important technology in all branches of telecommunications. Readers can learn about the latest applications in such areas as ad hoc sensor networks, home networking, and wireless po 410 0$aWiley series in telecommunications and signal processing. 606 $aWireless communication systems 615 0$aWireless communication systems. 676 $a621.382 676 $a621.3845 700 $aPahlavan$b Kaveh$f1951-$067388 701 $aLevesque$b Allen H$0772171 801 0$bMiAaPQ 801 1$bMiAaPQ 801 2$bMiAaPQ 906 $aBOOK 912 $a9910143395303321 996 $aWireless information networks$92246803 997 $aUNINA LEADER 01233nam0 22003131i 450 001 VAN00012830 005 20240806100254.190 010 $a88-13-18583-9 020 $aIT$b96 2653 100 $a20030211e19951853 |0itac50 ba 101 $aita 102 $aIT 105 $a||||n ||||| 200 1 $aCodice penale pel Granducato di Toscana (1853)$fpresentazione di Mario Da Passano ... [et al.] 205 $aRist. anast 210 $aPadova$cCEDAM$d1995 215 $a1 v. (paginazione varia)$d25 cm. 410 1$1001VAN00009425$12001 $aCasi, fonti e studi per il diritto penale. Ser. 2, Le fonti$1210 $aPadova$cCEDAM.$v5 620 $dPadova$3VANL000007 676 $a345.455002632$v21 702 1$aDa Passano$bMario$3VANV003189 710 02$aToscana$cGranducato$3VANV003391$0262230 712 $aCEDAM $3VANV111515$4650 801 $aIT$bSOL$c20250131$gRICA 899 $aBIBLIOTECA DEL DIPARTIMENTO DI GIURISPRUDENZA$1IT-CE0105$2VAN00 912 $aVAN00012830 950 $aBIBLIOTECA DEL DIPARTIMENTO DI GIURISPRUDENZA$d00CONS XIV.Em.17 $e00 22484 20030211 996 $aCodice penale pel Granducato di Toscana (1853$9679393 997 $aUNICAMPANIA